[Event "DVM U16 2007"]
[Site "Uelzen GER"]
[Date "2007.12.28"]
[Round "3"]
[White "Von Kügelgen, Julius"]
[Black "Spisla, Dominik"]
[Result "0-1"]
[Termination "normal"]
[Board "7.4"]
[WhiteElo "1532"]
[BlackElo "1706"]
[WhiteTeam "SK Johanneum Eppendorf"]
[BlackTeam "Brackweder SK"]
[PlyCount "136"]
[WhiteFideId "24657468"]
[BlackFideId "24676306"]
[EventCountry "GER"]
[EventRounds "7"]
[EventType "team-swiss"]
[EventDate "2007.12.26"]

1. e4 c5 2. Nf3 d6 3. Bb5+ Nd7 4. c3 Ngf6 5. Qe2 a6 6. Ba4 b5 7. Bc2 Bb7 8. O-O
Qc7 9. Rd1 Rc8 10. d3 e6 11. Ng5 d5 12. f4 dxe4 13. dxe4 c4 14. Kh1 h6 15. Nh3
Nc5 16. Nd2 Rd8 17. e5 Nfe4 18. Nf2 Nxf2+ 19. Qxf2 Nd3 20. Bxd3 Rxd3 21. Qf1
Qd7 22. Re1 Rxd2 23. Bxd2 Qxd2 24. Re2 Qd7 25. Rd1 Bd5 26. Red2 Qc7 27. Qe2 g6
28. Kg1 Bc5+ 29. Kf1 Qb6 30. Re1 b4 31. Rc2 b3 32. axb3 cxb3 33. Rd2 Bc6 34. c4
Bb4 35. Red1 Bxd2 36. Qxd2 O-O 37. f5 Kh7 38. f6 Be4 39. Qf4 Qc6 40. Rd4 Bxg2+
41. Kf2 Bh3 42. Qg3 Bf5 43. Rh4 Qc5+ 44. Kf3 Rh8 45. Rxh6+ Kg8 46. Qh4 Rxh6 47.
Qxh6 Qf8 48. Qe3 Qa8+ 49. Kg3 Qe4 50. Qc5 Qg4+ 51. Kf2 Qf4+ 52. Ke2 Qxh2+ 53.
Kf3 Qh4 54. Ke3 Qe4+ 55. Kf2 Qb7 56. Qd4 Qc7 57. Qf4 Qc5+ 58. Kf3 Qc6+ 59. Kf2
Qc5+ 60. Kf3 Kf8 61. Qd2 Ke8 62. Qc3 Bc2 63. Ke2 g5 64. Kf3 Bd1+ 65. Ke4 g4 66.
Kf4 Qf2+ 67. Kg5 g3 68. Qb4 Qf5+ 0-1

[Event "DVM U16 2007"]
[Site "Uelzen GER"]
[Date "2007.12.28"]
[Round "3"]
[White "Lichmann, Peter"]
[Black "Neukötter, Max"]
[Result "1-0"]
[Termination "normal"]
[Board "8.1"]
[WhiteElo "2324"]
[BlackElo "1936"]
[WhiteTeam "SV Werder Bremen"]
[BlackTeam "SF Paderborn"]
[PlyCount "85"]
[WhiteFideId "14111268"]
[BlackFideId "24648108"]
[EventCountry "GER"]
[EventRounds "7"]
[EventType "team-swiss"]
[EventDate "2007.12.26"]

1. d4 Nf6 2. c4 g6 3. Nc3 d5 4. Nf3 Bg7 5. Bg5 c6 6. e3 O-O 7. Be2 Bf5 8. Qb3
dxc4 9. Qxb7 Qb6 10. Qxb6 axb6 11. Bxc4 Nbd7 12. O-O c5 13. h3 h6 14. Bf4 cxd4
15. exd4 g5 16. Be3 Rac8 17. Ba6 Rc7 18. a4 e6 19. Rfc1 Ra8 20. Bb5 Rac8 21.
Ne5 Nxe5 22. dxe5 Nd5 23. Nxd5 Rxc1+ 24. Rxc1 Rxc1+ 25. Bxc1 exd5 26. f4 gxf4
27. Bxf4 Bf8 28. Be3 Bc5 29. Bxc5 bxc5 30. g4 Bc8 31. Kf2 h5 32. gxh5 Bxh3 33.
Bc6 d4 34. Bb7 c4 35. a5 c3 36. bxc3 dxc3 37. Ke3 Bf1 38. a6 Bxa6 39. Bxa6 c2
40. Kd2 c1=Q+ 41. Kxc1 Kg7 42. Kd2 Kh6 43. Bc4 1-0

[Event "DVM U16 2007"]
[Site "Uelzen GER"]
[Date "2007.12.28"]
[Round "3"]
[White "Dorenkamp, Marc"]
[Black "Bart, Simon"]
[Result "0-1"]
[Termination "normal"]
[Board "8.2"]
[WhiteElo "2013"]
[BlackElo "1951"]
[WhiteTeam "SF Paderborn"]
[BlackTeam "SV Werder Bremen"]
[PlyCount "120"]
[WhiteFideId "4647696"]
[BlackFideId "24637327"]
[EventCountry "GER"]
[EventRounds "7"]
[EventType "team-swiss"]
[EventDate "2007.12.26"]

1. e4 e5 2. Nf3 Nc6 3. Bc4 Bc5 4. c3 Nf6 5. d4 exd4 6. O-O d5 7. exd5 Nxd5 8.
cxd4 Bb6 9. Re1+ Be6 10. Bxd5 Qxd5 11. Nc3 Qf5 12. d5 O-O-O 13. Qa4 Bxd5 14.
Nxd5 Rxd5 15. Be3 Bxe3 16. Rxe3 Rhd8 17. h3 Ra5 18. Qb3 Rb5 19. Qc3 f6 20. Rc1
Rbd5 21. Ree1 Qd3 22. Qxd3 Rxd3 23. Kf1 R3d7 24. Rc2 Nb4 25. Rc4 Nd3 26. Re2 c6
27. b4 Kc7 28. b5 c5 29. Ne1 b6 30. Nxd3 Rxd3 31. Re7+ R8d7 32. Rce4 Ra3 33.
Re2 Ra5 34. Rxd7+ Kxd7 35. Rb2 Kd6 36. Rd2+ Ke5 37. Rd7 g6 38. Rxh7 Rxa2 39.
Re7+ Kd6 40. Rg7 g5 41. g3 Ra5 42. h4 gxh4 43. gxh4 c4 44. h5 Rxb5 45. h6 Rh5
46. Rh7 Ke6 47. Ke2 a6 48. Rb7 b5 49. h7 Kd6 50. Rb6+ Kc5 51. Rxf6 Rxh7 52.
Rxa6 Re7+ 53. Kd1 Rd7+ 54. Kc1 Rf7 55. Ra2 b4 56. Rd2 c3 57. Re2 Kc4 58. Re4+
Kb3 59. f4 Ra7 60. Kd1 c2+ 0-1

[Event "DVM U16 2007"]
[Site "Uelzen GER"]
[Date "2007.12.28"]
[Round "3"]
[White "Jebtchouk, Dimitrij"]
[Black "Georgi, Philip"]
[Result "0-1"]
[Termination "normal"]
[Board "8.3"]
[WhiteElo "1609"]
[BlackElo "1762"]
[WhiteTeam "SV Werder Bremen"]
[BlackTeam "SF Paderborn"]
[PlyCount "68"]
[BlackFideId "4647750"]
[EventCountry "GER"]
[EventRounds "7"]
[EventType "team-swiss"]
[EventDate "2007.12.26"]

1. d4 d5 2. c4 e6 3. Nc3 Nf6 4. Bg5 Be7 5. e3 b6 6. Nf3 Bb7 7. Bd3 dxc4 8. Bxc4
O-O 9. O-O Nbd7 10. Bb3 Nd5 11. Nxd5 exd5 12. Bf4 Rc8 13. Qd3 c5 14. Bc2 g6 15.
b3 Nf6 16. Rac1 Nh5 17. Bh6 Re8 18. Ne5 Bg5 19. Bxg5 Qxg5 20. f4 Qe7 21. Rfe1
Nf6 22. f5 Ne4 23. Rf1 Rf8 24. Bd1 f6 25. Ng4 cxd4 26. Rxc8 Bxc8 27. Qxd4 Qc5
28. fxg6 hxg6 29. Nxf6+ Nxf6 30. Rxf6 Rxf6 31. Qxf6 Qxe3+ 32. Qf2 Qc5 33. Bf3
d4 34. Be4 Qc1+ 0-1

[Event "DVM U16 2007"]
[Site "Uelzen GER"]
[Date "2007.12.28"]
[Round "3"]
[White "Bullmann, Jan"]
[Black "Sasse, Fabius"]
[Result "0-1"]
[Termination "normal"]
[Board "8.4"]
[WhiteElo "1403"]
[BlackElo "1463"]
[WhiteTeam "SF Paderborn"]
[BlackTeam "SV Werder Bremen"]
[PlyCount "78"]
[BlackFideId "24659657"]
[EventCountry "GER"]
[EventRounds "7"]
[EventType "team-swiss"]
[EventDate "2007.12.26"]

1. e4 e5 2. Nf3 Nc6 3. Bc4 Bc5 4. Nc3 Nf6 5. d3 h6 6. Be3 Bb6 7. h3 d6 8. Qd2
Be6 9. Bb3 Qd7 10. Bxe6 fxe6 11. O-O-O O-O-O 12. d4 exd4 13. Nxd4 Bxd4 14. Bxd4
e5 15. Be3 a6 16. Nd5 Nxe4 17. Qd3 Nf6 18. Qb3 Nxd5 19. Qxd5 Rhf8 20. Qb3 Qf7
21. Qa3 d5 22. Bc5 Rfe8 23. Rd3 d4 24. f3 Qc4 25. Re1 b6 26. Bxb6 cxb6 27. Rb3
Kb7 28. Kd1 Rd5 29. Kc1 Kc7 30. Rd3 Ra5 31. Qb3 Qxb3 32. Rxb3 Rxa2 33. Re4 Na5
34. Rb4 Nc6 35. Rb3 Ra1+ 36. Kd2 Rg1 37. Rg4 Re7 38. Rg6 Rf7 39. Re6 Rxg2+ 0-1

[Event "DVM U16 2007"]
[Site "Uelzen GER"]
[Date "2007.12.28"]
[Round "3"]
[White "Meißner, Felix"]
[Black "Meyer, Jens"]
[Result "1-0"]
[Termination "normal"]
[Board "9.1"]
[WhiteElo "2047"]
[BlackElo "1545"]
[WhiteTeam "SC Leipzig-Gohlis"]
[BlackTeam "SC Réti Heusweiler"]
[PlyCount "107"]
[WhiteFideId "24671827"]
[BlackFideId "4657993"]
[EventCountry "GER"]
[EventRounds "7"]
[EventType "team-swiss"]
[EventDate "2007.12.26"]

1. e4 e6 2. d4 c5 3. Nf3 cxd4 4. Nxd4 Nc6 5. Nc3 Nf6 6. Ndb5 a6 7. Nd6+ Bxd6 8.
Qxd6 Qe7 9. Bf4 O-O 10. O-O-O Qxd6 11. Bxd6 Rd8 12. a4 Ng4 13. Rd2 Nf6 14. Kb1
Ne8 15. Bg3 b6 16. Be2 Ne7 17. Rhd1 h6 18. Bd3 g5 19. h4 Ng7 20. hxg5 hxg5 21.
Bc7 Re8 22. Bxb6 Rb8 23. Bc7 Rb7 24. Be5 Nc6 25. Bf6 Na5 26. b3 Rc7 27. Na2 Nb7
28. Bxg5 d6 29. Be2 e5 30. Kb2 Ne6 31. Nc3 Kg7 32. Rh1 Bd7 33. Bh6+ Kg6 34. Nd5
Rc6 35. Be3 Nc7 36. Nb4 Rb8 37. Nxc6 Bxc6 38. Rdd1 Ne6 39. Rh6+ Kg7 40. Rdh1
Nbc5 41. Bxc5 Nxc5 42. Rxd6 Be8 43. Ka3 Ne6 44. Rxa6 Nd4 45. Bd1 Rc8 46. c4 Rd8
47. Rah6 Bc6 48. Rh7+ Kf6 49. R1h6+ Ke7 50. Bh5 Be8 51. Ra6 Rd7 52. Ra8 Rb7 53.
Bd1 Rd7 54. Rh8 1-0

[Event "DVM U16 2007"]
[Site "Uelzen GER"]
[Date "2007.12.28"]
[Round "3"]
[White "Wilhelm, Robin"]
[Black "Doberitz, Paul"]
[Result "1-0"]
[Termination "normal"]
[Board "9.2"]
[WhiteElo "1415"]
[BlackElo "2077"]
[WhiteTeam "SC Réti Heusweiler"]
[BlackTeam "SC Leipzig-Gohlis"]
[PlyCount "95"]
[WhiteFideId "4659627"]
[BlackFideId "24646130"]
[EventCountry "GER"]
[EventRounds "7"]
[EventType "team-swiss"]
[EventDate "2007.12.26"]

1. e4 c5 2. Nf3 d6 3. d4 cxd4 4. Nxd4 Nf6 5. Nc3 a6 6. Be3 e5 7. Nf3 h6 8. Bc4
Be7 9. Qd3 Nc6 10. h3 Qc7 11. a3 O-O 12. O-O Na5 13. Nd2 Be6 14. Nd5 Nxd5 15.
Bxd5 Rac8 16. b4 Nc6 17. c4 Kh8 18. f4 exf4 19. Bxf4 Bf6 20. Rac1 Ne5 21. Bxe5
Bxe5 22. Rf3 Bf6 23. Rcf1 Qe7 24. Nb3 Rc7 25. Qe3 Kh7 26. Nd4 Bxd5 27. cxd5 Bg5
28. Qd3 g6 29. Ne6 fxe6 30. Rxf8 e5 31. Qf3 Bf4 32. Ra8 Kg7 33. g3 Bg5 34. Qf8+
Qxf8 35. Raxf8 h5 36. h4 Be3+ 37. Kh1 Rd7 38. Rc8 Bd4 39. Rff8 Bb6 40. Rg8+ Kh7
41. Rh8+ Kg7 42. Rcg8+ Kf6 43. Rh6 Rg7 44. Rf8+ Ke7 45. Rhh8 Bc7 46. Rfg8 Rf7
47. Rxg6 Bb6 48. Rxh5 1-0

[Event "DVM U16 2007"]
[Site "Uelzen GER"]
[Date "2007.12.28"]
[Round "3"]
[White "Heistermann, Till"]
[Black "Wilhelm, Kevin"]
[Result "1-0"]
[Termination "normal"]
[Board "9.3"]
[WhiteElo "1700"]
[BlackElo "1187"]
[WhiteTeam "SC Leipzig-Gohlis"]
[BlackTeam "SC Réti Heusweiler"]
[PlyCount "55"]
[EventCountry "GER"]
[EventRounds "7"]
[EventType "team-swiss"]
[EventDate "2007.12.26"]

1. e4 e5 2. Nf3 Nc6 3. Bb5 d6 4. d4 a6 5. Bxc6+ bxc6 6. dxe5 Qe7 7. Qd4 Bb7 8.
exd6 cxd6 9. O-O c5 10. Qa4+ Qd7 11. Qxd7+ Kxd7 12. Nc3 Nf6 13. e5 Bxf3 14.
exf6 Bb7 15. fxg7 Bxg7 16. Bf4 Rhg8 17. g3 Be5 18. Bxe5 dxe5 19. Rad1+ Kc7 20.
Nd5+ Kb8 21. Nb6 Bf3 22. Nxa8 Bxd1 23. Rxd1 Kxa8 24. Rd7 Rb8 25. b3 c4 26. Rxf7
Rd8 27. Rxh7 Rd2 28. bxc4 1-0

[Event "DVM U16 2007"]
[Site "Uelzen GER"]
[Date "2007.12.28"]
[Round "3"]
[White "Meiser, Michael"]
[Black "Ohme, Markus"]
[Result "1-0"]
[Termination "normal"]
[Board "9.4"]
[WhiteElo "1451"]
[BlackElo "1239"]
[WhiteTeam "SC Réti Heusweiler"]
[BlackTeam "SC Leipzig-Gohlis"]
[PlyCount "61"]
[WhiteFideId "24659762"]
[EventCountry "GER"]
[EventRounds "7"]
[EventType "team-swiss"]
[EventDate "2007.12.26"]

1. e4 a6 2. Nf3 b5 3. d4 Bb7 4. Bd3 Nf6 5. e5 Nd5 6. Be4 e6 7. b3 Qc8 8. Ng5 f5
9. exf6 Nxf6 10. Qf3 Bxe4 11. Nxe4 Nxe4 12. Qxe4 Nc6 13. d5 Nd8 14. dxe6 Nxe6
15. f4 Be7 16. Bb2 O-O 17. O-O Bc5+ 18. Kh1 Qe8 19. f5 Ng5 20. Qd5+ Kh8 21.
Qxc5 c6 22. f6 gxf6 23. Rxf6 Rxf6 24. Bxf6+ Kg8 25. Bxg5 d6 26. Qf2 Qe5 27. Bf6
Qe6 28. Nd2 Rf8 29. Qg3+ Kf7 30. Qg7+ Ke8 31. Bh4 1-0

[Event "DVM U16 2007"]
[Site "Uelzen GER"]
[Date "2007.12.28"]
[Round "3"]
[White "Meier, Lars"]
[Black "Hinz, Arne"]
[Result "0-1"]
[Termination "normal"]
[Board "10.1"]
[WhiteElo "1864"]
[BlackElo "1968"]
[WhiteTeam "SK Gründau"]
[BlackTeam "SG Bochum"]
[PlyCount "50"]
[WhiteFideId "24602396"]
[BlackFideId "24634875"]
[EventCountry "GER"]
[EventRounds "7"]
[EventType "team-swiss"]
[EventDate "2007.12.26"]

1. e4 e5 2. Nf3 Nf6 3. Nc3 Nc6 4. Bb5 Bd6 5. d3 O-O 6. Bg5 a6 7. Ba4 b5 8. Bb3
Be7 9. O-O d6 10. Bxf6 Bxf6 11. Bd5 Bd7 12. Nd2 Rb8 13. f4 exf4 14. Rxf4 b4 15.
Ne2 Bxb2 16. Rb1 Be5 17. Rf1 Nd4 18. Nf3 Nxf3+ 19. Rxf3 Bg4 20. Rf1 Qh4 21. g3
Qh5 22. Kf2 Qxh2+ 23. Ke3 Qh6+ 24. Kf2 Bd4+ 25. Ke1 Qe3 0-1

[Event "DVM U16 2007"]
[Site "Uelzen GER"]
[Date "2007.12.28"]
[Round "3"]
[White "Hahn, Florian"]
[Black "Golosnyak, Alexander"]
[Result "1/2-1/2"]
[Termination "normal"]
[Board "10.3"]
[WhiteElo "1501"]
[BlackElo "1390"]
[WhiteTeam "SK Gründau"]
[BlackTeam "SG Bochum"]
[PlyCount "61"]
[WhiteFideId "24659720"]
[BlackFideId "24659703"]
[EventCountry "GER"]
[EventRounds "7"]
[EventType "team-swiss"]
[EventDate "2007.12.26"]

1. Nf3 d5 2. b3 Nc6 3. e3 e6 4. Bb2 Nf6 5. c4 Be7 6. cxd5 exd5 7. Be2 O-O 8.
O-O b6 9. d4 Bb7 10. Nc3 Nb8 11. Qc2 Nbd7 12. Rfd1 Re8 13. Rac1 a6 14. Bd3 Rc8
15. Qe2 Ra8 16. Rd2 Bd6 17. Rdc2 h6 18. Nb1 a5 19. Ba3 Bxa3 20. Nxa3 c6 21. Qe1
Qe7 22. Nb1 Rac8 23. Qe2 Ra8 24. Qe1 Rac8 25. a3 Kf8 26. b4 axb4 27. Qxb4 Qxb4
28. axb4 b5 29. Bf5 Rc7 30. Bd3 Rcc8 31. Bf5 1/2-1/2

[Event "DVM U16 2007"]
[Site "Uelzen GER"]
[Date "2007.12.28"]
[Round "4"]
[White "Kaphle, Stephan"]
[Black "Jorczik, Julian"]
[Result "0-1"]
[Termination "normal"]
[Board "1.1"]
[BlackTitle "FM"]
[WhiteElo "2147"]
[BlackElo "2362"]
[WhiteTeam "Post SV Uelzen"]
[BlackTeam "SK München Südost"]
[PlyCount "60"]
[WhiteFideId "24629103"]
[BlackFideId "24611719"]
[EventCountry "GER"]
[EventRounds "7"]
[EventType "team-swiss"]
[EventDate "2007.12.26"]

1. e4 c6 2. Nf3 d5 3. exd5 cxd5 4. Ne5 Nf6 5. d4 g6 6. Bb5+ Nbd7 7. O-O Bg7 8.
Qe2 O-O 9. c3 Ne4 10. f3 Nxe5 11. dxe5 Nc5 12. Be3 Qc7 13. Bd4 a6 14. Qe3 axb5
15. Bxc5 Bxe5 16. f4 Bf6 17. Nd2 Bf5 18. a3 Ra6 19. Bd4 Bxd4 20. Qxd4 Qb6 21.
Nb3 Rc8 22. Rae1 Be4 23. Qxb6 Rxb6 24. g4 f6 25. f5 h5 26. h3 hxg4 27. hxg4 Kf7
28. Nd4 Rh8 29. Re2 Rh1+ 30. Kf2 Rxf1+ 0-1

[Event "DVM U16 2007"]
[Site "Uelzen GER"]
[Date "2007.12.28"]
[Round "4"]
[White "Raykhman, Alexander"]
[Black "Seemann, Semjon"]
[Result "1-0"]
[Termination "normal"]
[Board "1.2"]
[WhiteElo "2073"]
[BlackElo "2045"]
[WhiteTeam "SK München Südost"]
[BlackTeam "Post SV Uelzen"]
[PlyCount "55"]
[WhiteFideId "24637033"]
[BlackFideId "24624080"]
[EventCountry "GER"]
[EventRounds "7"]
[EventType "team-swiss"]
[EventDate "2007.12.26"]

1. e4 c5 2. Nf3 Nc6 3. Bb5 g6 4. Bxc6 dxc6 5. h3 Bg7 6. d3 b6 7. Nc3 Nh6 8. Be3
f6 9. O-O e5 10. a3 Qe7 11. Qd2 Nf7 12. b4 cxb4 13. axb4 Bb7 14. Ra4 Qd8 15.
Rfa1 a6 16. R4a3 Nd6 17. Na4 Nc8 18. d4 exd4 19. Qxd4 Qxd4 20. Bxd4 c5 21. bxc5
b5 22. Nc3 b4 23. Rb3 a5 24. Nd5 O-O 25. c3 f5 26. Bxg7 Kxg7 27. Nc7 fxe4 28.
Nd4 1-0

[Event "DVM U16 2007"]
[Site "Uelzen GER"]
[Date "2007.12.28"]
[Round "4"]
[White "Kaphle, Sebastian"]
[Black "Höfelsauer, Thomas"]
[Result "1/2-1/2"]
[Termination "normal"]
[Board "1.3"]
[WhiteElo "2086"]
[BlackElo "2019"]
[WhiteTeam "Post SV Uelzen"]
[BlackTeam "SK München Südost"]
[PlyCount "44"]
[WhiteFideId "24626708"]
[BlackFideId "24668842"]
[EventCountry "GER"]
[EventRounds "7"]
[EventType "team-swiss"]
[EventDate "2007.12.26"]

1. Nf3 Nf6 2. g3 g6 3. Bg2 Bg7 4. O-O O-O 5. d3 d5 6. Nbd2 Re8 7. c4 c5 8. Qc2
b6 9. Rb1 Nc6 10. a3 a5 11. Rd1 e5 12. b3 Bb7 13. Bb2 Qc7 14. e3 Rad8 15. Re1
Rd7 16. Rbd1 h6 17. h3 d4 18. e4 Nh5 19. Nh2 Rde7 20. Ndf1 Nd8 21. Bc1 Ne6 22.
Qe2 Bc6 1/2-1/2

[Event "DVM U16 2007"]
[Site "Uelzen GER"]
[Date "2007.12.28"]
[Round "4"]
[White "Seyb, Alexander"]
[Black "Zelbel, Patrick"]
[Result "1/2-1/2"]
[Termination "normal"]
[Board "2.1"]
[WhiteElo "2235"]
[BlackElo "2227"]
[WhiteTeam "FSV Großenseebach"]
[BlackTeam "SF Brackel"]
[PlyCount "107"]
[WhiteFideId "4699033"]
[BlackFideId "24624322"]
[EventCountry "GER"]
[EventRounds "7"]
[EventType "team-swiss"]
[EventDate "2007.12.26"]

1. e4 c5 2. Nf3 d6 3. d4 cxd4 4. Nxd4 Nf6 5. Nc3 a6 6. Be3 e5 7. Nb3 Be6 8. f3
Be7 9. Qd2 O-O 10. O-O-O Nbd7 11. g4 b5 12. g5 b4 13. Ne2 Ne8 14. f4 a5 15. f5
a4 16. Nbd4 exd4 17. Nxd4 b3 18. Kb1 bxc2+ 19. Nxc2 Bb3 20. axb3 axb3 21. Na3
Ne5 22. h4 Ra4 23. Bg2 Qa8 24. Rc1 Bd8 25. Qe2 Ba5 26. Rhd1 Bb4 27. Bd4 Bxa3
28. bxa3 Rxa3 29. Bb2 Ra4 30. Rc3 Rb4 31. h5 Qa2+ 32. Kc1 Qa4 33. h6 Rc4 34.
Rxc4 Qxc4+ 35. Qxc4 Nxc4 36. Rd3 Nxb2 37. Kxb2 f6 38. Rg3 fxg5 39. Rxg5 Kf7 40.
hxg7 Nxg7 41. Rg3 Ne8 42. Rxb3 Rg8 43. Bf3 Kf6 44. Rb7 Rg7 45. Rb8 Re7 46. Kc3
Ke5 47. Kd3 Kf4 48. Bh1 Nf6 49. Rb6 Ng4 50. Ke2 Nf6 51. Rxd6 Nxe4 52. Rd4 Kxf5
53. Bxe4+ Rxe4+ 54. Rxe4 $11 1/2-1/2

[Event "DVM U16 2007"]
[Site "Uelzen GER"]
[Date "2007.12.28"]
[Round "4"]
[White "Strathoff, Jens"]
[Black "Linsenmeyer, Mario"]
[Result "0-1"]
[Termination "normal"]
[Board "2.2"]
[WhiteElo "2031"]
[BlackElo "2097"]
[WhiteTeam "SF Brackel"]
[BlackTeam "FSV Großenseebach"]
[PlyCount "118"]
[WhiteFideId "4699084"]
[BlackFideId "24635138"]
[EventCountry "GER"]
[EventRounds "7"]
[EventType "team-swiss"]
[EventDate "2007.12.26"]

1. e4 e5 2. Nf3 Nc6 3. Bc4 Nf6 4. Ng5 d5 5. exd5 Na5 6. Bb5+ c6 7. dxc6 bxc6 8.
Be2 h6 9. Nf3 e4 10. Ne5 Bd6 11. d4 exd3 12. Nxd3 Qc7 13. b3 c5 14. c4 O-O 15.
Nc3 a6 16. Bb2 Nc6 17. h3 Nd4 18. O-O Bb7 19. Re1 Qc6 20. Bf3 Nxf3+ 21. Qxf3
Qd7 22. Nd5 Nxd5 23. cxd5 Bxd5 24. Qg4 f5 25. Qg6 Be4 26. Rad1 Qc7 27. Nc1 Rad8
28. Ne2 Rf7 29. Ng3 Bxg3 30. Rxd8+ Qxd8 31. Qxg3 Kh7 32. Qc3 Qb6 33. Rc1 Rd7
34. Ba3 Qg6 35. Qg3 Qxg3 36. fxg3 Rd2 37. Bxc5 Rxg2+ 38. Kf1 Rxg3 39. h4 Rh3
40. Bf2 Rh1+ 41. Bg1 Rxh4 42. Kf2 Rg4 43. Ke3 Rg2 44. Bf2 f4+ 45. Ke2 Rg6 46.
b4 Rc6 47. Bc5 g5 48. a4 Re6 49. Kf2 g4 50. b5 axb5 51. axb5 g3+ 52. Kg1 Kg6
53. Bd4 f3 54. b6 Bb7 55. Ra1 h5 56. Bc3 Rxb6 57. Be1 h4 58. Rd1 Re6 59. Kf1
Ba6+ 0-1

[Event "DVM U16 2007"]
[Site "Uelzen GER"]
[Date "2007.12.28"]
[Round "4"]
[White "Kirch, Florian"]
[Black "Kartsev, Alexandr"]
[Result "1-0"]
[Termination "normal"]
[Board "2.3"]
[WhiteElo "1976"]
[BlackElo "1989"]
[WhiteTeam "FSV Großenseebach"]
[BlackTeam "SF Brackel"]
[PlyCount "127"]
[WhiteFideId "24605794"]
[BlackFideId "24647110"]
[EventCountry "GER"]
[EventRounds "7"]
[EventType "team-swiss"]
[EventDate "2007.12.26"]

1. d4 f5 2. c4 Nf6 3. g3 d6 4. Nf3 g6 5. Bg2 Bg7 6. O-O O-O 7. Nc3 Qe8 8. d5 a5
9. Nd4 Na6 10. b3 h6 11. Qc2 Kh8 12. Bb2 Bd7 13. Rae1 c6 14. e4 Nxd5 15. Nxd5
cxd5 16. exd5 a4 17. Ne6 Bxe6 18. Rxe6 axb3 19. axb3 Qf7 20. Rfe1 Rfe8 21. h4
Nc7 22. R6e2 Rac8 23. Qd2 b5 24. Qxh6+ Kg8 25. Bxg7 Qxg7 26. Qxg7+ Kxg7 27.
Rxe7+ Rxe7 28. Rxe7+ Kf6 29. Rd7 bxc4 30. Rxd6+ Ke5 31. Rxg6 cxb3 32. Rb6 Nxd5
33. Rxb3 Nf6 34. Rb5+ Ke6 35. Bh3 Ng4 36. Bxg4 fxg4 37. Rb4 Rg8 38. Kf1 Ke5 39.
Ke2 Rg7 40. Ke3 Kf5 41. Rb5+ Ke6 42. Ke4 Ra7 43. Kf4 Rf7+ 44. Kxg4 Rxf2 45. Kg5
Rg2 46. g4 Kf7 47. h5 Kg7 48. h6+ Kh7 49. Rb7+ Kg8 50. Kf5 Ra2 51. Rg7+ Kh8 52.
Rf7 Kg8 53. Kg6 Ra6+ 54. Rf6 Ra8 55. g5 Kh8 56. Rf5 Ra6+ 57. Kh5 Ra8 58. g6 Rg8
59. g7+ Kh7 60. Rf8 Rxf8 61. gxf8=N+ Kg8 62. Kg6 Kh8 63. Ne6 Kg8 64. Ng5 1-0

[Event "DVM U16 2007"]
[Site "Uelzen GER"]
[Date "2007.12.28"]
[Round "4"]
[White "Haidar, Marcel"]
[Black "Quaschner, Tobias"]
[Result "1/2-1/2"]
[Termination "normal"]
[Board "2.4"]
[WhiteElo "1599"]
[BlackElo "1956"]
[WhiteTeam "SF Brackel"]
[BlackTeam "FSV Großenseebach"]
[PlyCount "96"]
[BlackFideId "24646989"]
[EventCountry "GER"]
[EventRounds "7"]
[EventType "team-swiss"]
[EventDate "2007.12.26"]

1. c4 Nf6 2. d4 e5 3. dxe5 Ng4 4. Nf3 Bc5 5. e3 Nc6 6. Be2 Ncxe5 7. O-O Nxf3+
8. Bxf3 Ne5 9. Nd2 d6 10. b4 Bb6 11. Bb2 Nxf3+ 12. Qxf3 O-O 13. Rfd1 Qe7 14.
Ne4 f5 15. Ng3 Be6 16. Rac1 Rf7 17. Qxb7 Raf8 18. Bd4 f4 19. exf4 Rxf4 20. c5
dxc5 21. bxc5 Rxd4 22. Rxd4 Bxc5 23. Rd2 Bb6 24. Qe4 Qf7 25. Rcc2 h6 26. Qa4
Bd5 27. Qb5 Be6 28. h3 Qf4 29. Qc6 Bxh3 30. gxh3 Qxg3+ 31. Qg2 Qxg2+ 32. Kxg2
Rf5 33. Rd7 Rf6 34. Rcd2 Rf5 35. R7d5 Rf6 36. Rd7 Rf5 37. Rc2 Rf6 38. Rdxc7
Bxc7 39. Rxc7 Ra6 40. Rc2 Kf7 41. Kg3 Ra4 42. h4 h5 43. Rc7+ Kf6 44. Rc6+ Kf7
45. Rc2 g6 46. f3 Kf6 47. Rc6+ Kf7 48. Rc2 Kf6 1/2-1/2

[Event "DVM U16 2007"]
[Site "Uelzen GER"]
[Date "2007.12.28"]
[Round "4"]
[White "Tschlatscher, Thomas"]
[Black "Wortmann, Jonas"]
[Result "1/2-1/2"]
[Termination "normal"]
[Board "3.1"]
[WhiteElo "1986"]
[BlackElo "2043"]
[WhiteTeam "Heilbronner SV"]
[BlackTeam "SF Limburgerhof"]
[PlyCount "41"]
[WhiteFideId "24635863"]
[BlackFideId "24628069"]
[EventCountry "GER"]
[EventRounds "7"]
[EventType "team-swiss"]
[EventDate "2007.12.26"]

1. Nf3 d5 2. d4 e6 3. c3 c5 4. e3 Nc6 5. Bd3 Nf6 6. Nbd2 Bd6 7. O-O O-O 8. Re1
Re8 9. e4 dxe4 10. Nxe4 Nxe4 11. Bxe4 cxd4 12. Ng5 h6 13. Qh5 Qf6 14. Nxf7 Rf8
15. Nxh6+ gxh6 16. Bxh6 Rf7 17. Bg5 Qh8 18. Qg6+ Qg7 19. Qh5 Qh8 20. Qg6+ Qg7
21. Qh5 $11 1/2-1/2

[Event "DVM U16 2007"]
[Site "Uelzen GER"]
[Date "2007.12.28"]
[Round "4"]
[White "Grimm, Christian"]
[Black "Pogan, Sebastian"]
[Result "0-1"]
[Termination "normal"]
[Board "3.4"]
[WhiteElo "1531"]
[BlackElo "1869"]
[WhiteTeam "SF Limburgerhof"]
[BlackTeam "Heilbronner SV"]
[PlyCount "78"]
[WhiteFideId "24659592"]
[BlackFideId "24673587"]
[EventCountry "GER"]
[EventRounds "7"]
[EventType "team-swiss"]
[EventDate "2007.12.26"]

1. e4 c5 2. Nf3 d6 3. d4 cxd4 4. Nxd4 Nf6 5. Nc3 g6 6. Bc4 Bg7 7. Be3 O-O 8. f3
Nc6 9. Qd2 Bd7 10. h4 h5 11. Nde2 Rc8 12. Bb3 Ne5 13. Bh6 Nc4 14. Bxc4 Rxc4 15.
O-O-O Qa5 16. Kb1 Rc5 17. g4 hxg4 18. Bxg7 Kxg7 19. Nf4 Rxc3 20. Qxc3 Qxc3 21.
bxc3 gxf3 22. Rhf1 Nxe4 23. Rd3 Bb5 24. Rfxf3 Bxd3 25. Rxd3 Rh8 26. Ng2 f5 27.
Kb2 Kf6 28. Rd4 e5 29. Rd1 Ke6 30. Kb3 g5 31. hxg5 Nxg5 32. Ne3 f4 33. Ng4 Kf5
34. Nf2 Ne4 35. Nxe4 Kxe4 36. Rxd6 Rf8 37. Rd1 f3 38. Kc4 f2 39. Rf1 Rc8+ 0-1

[Event "DVM U16 2007"]
[Site "Uelzen GER"]
[Date "2007.12.28"]
[Round "4"]
[White "Schätz, Christopher"]
[Black "Grzonka, Raphael"]
[Result "1-0"]
[Termination "normal"]
[Board "4.1"]
[WhiteElo "1982"]
[BlackElo "1827"]
[WhiteTeam "USG Chemnitz"]
[BlackTeam "Brackweder SK"]
[PlyCount "51"]
[WhiteFideId "24623997"]
[BlackFideId "4623304"]
[EventCountry "GER"]
[EventRounds "7"]
[EventType "team-swiss"]
[EventDate "2007.12.26"]

1. e4 c5 2. Nf3 d6 3. d4 cxd4 4. Nxd4 Nf6 5. Nc3 a6 6. Be3 e5 7. Nb3 Be6 8. Qd2
Nbd7 9. f3 Be7 10. g4 h6 11. O-O-O b5 12. Nd5 Bxd5 13. exd5 Nb6 14. Bxb6 Qxb6
15. h4 Rc8 16. Bh3 Rc4 17. Rhf1 Rf4 18. Qc3 g5 19. Qc8+ Bd8 20. hxg5 hxg5 21.
Rh1 O-O 22. Qc3 Be7 23. Bg2 Rc4 24. Qd2 Nh7 25. Bf1 Rf4 26. Qh2 1-0